| 000 | 00600nam a22002051c 4500 | ||
|---|---|---|---|
| 001 | a987664230 | ||
| 008 | 090730s1997 gw |||| 000u ger d | ||
| 041 | _ager | ||
| 100 | 1 | _aGrimsted, Patricia Kennedy | |
| 245 | 0 | 0 |
_aArchives of Russia five years after : _b"purveyors of sensations" or "shadows cast to the past"? |
| 264 |
_aAmsterdam : _bInternational Institute of Social History, _c1997 |
||
| 300 | _a221 S. | ||
| 650 | 0 | _aArchivwesen | |
| 651 | 0 | _aRussland | |
| 651 | 0 | _aSowjetunion | |
| 942 | _cMG | ||
| 040 | _cRU-10907106 | ||
| 003 | RU-10907106 | ||
| 999 |
_c17898 _d17898 |
||
| 490 | 0 |
_aIISH research papers _v26 |
|